RICS real estate auction statistics (Record no. 106212)
[ view plain ]
| 000 -LEADER | |
|---|---|
| fixed length control field | 01325cam a2200241 4500 |
| 001 - CONTROL NUMBER | |
| control field | ##L135816 |
| 008 - FIXED-LENGTH DATA ELEMENTS--GENERAL INFORMATION | |
| fixed length control field | 061212n2006 000 0 eng u |
| 035 ## - SYSTEM CONTROL NUMBER | |
| System control number | (Sirsi) u135816 |
| 041 0# - LANGUAGE CODE | |
| Language code of text/sound track or separate title | eng |
| 050 04 - LIBRARY OF CONGRESS CALL NUMBER | |
| Classification number | 380.1 $2 18 |
| 110 2# - MAIN ENTRY--CORPORATE NAME | |
| Corporate name or jurisdiction name as entry element | Royal Institution of Chartered Surveyors |
| 9 (RLIN) | 4900 |
| 245 00 - TITLE STATEMENT | |
| Title | RICS real estate auction statistics |
| Remainder of title | third quarter 2006 |
| 260 ## - PUBLICATION, DISTRIBUTION, ETC. | |
| Place of publication, distribution, etc. | [S.l.] |
| Name of publisher, distributor, etc. | RICS |
| Date of publication, distribution, etc. | 2006 |
| 490 #0 - SERIES STATEMENT | |
| Series statement | RICS Real Estate Auction Statistics |
| Volume/sequential designation | Third Quarter 2006 |
| 520 ## - SUMMARY, ETC. | |
| Summary, etc. | The first RICS quarterly market analysis of property auctions reveals there were 4 557 residential properties sold at auction during the third quarter 2006, with London as the most active market. In terms of commercial property, there were 940 properties sold at auction during the same period, with southeast England as the most active market. Buying a property through an auction has become increasingly popular over the last 10 years with over 1 000 property auctions held in 2005, up from 141 in 1996. |
| 590 ## - LOCAL NOTE (RLIN) | |
| Local note | KA |
| 650 24 - SUBJECT ADDED ENTRY--TOPICAL TERM | |
| Topical term or geographic name entry element | RICS REAL ESTATE AUCTION STATISTICS |
| 651 #4 - SUBJECT ADDED ENTRY--GEOGRAPHIC NAME | |
| Geographic name | United Kingdom |
| Chronological subdivision | |
| 690 ## - LOCAL SUBJECT ADDED ENTRY--TOPICAL TERM (OCLC, RLIN) | |
| Topical term or geographic name as entry element | PROPERTY-AUCTIONEERING |
| 710 2# - ADDED ENTRY--CORPORATE NAME | |
| Corporate name or jurisdiction name as entry element | Essential Information Group |
| 9 (RLIN) | 4336 |
| 856 40 - ELECTRONIC LOCATION AND ACCESS | |
| Uniform Resource Identifier | <a href="https://www.rics.org/RICSWEB/getpage.aspx?p=-JE-RfJqZkaPcbTXLXc3Xw">https://www.rics.org/RICSWEB/getpage.aspx?p=-JE-RfJqZkaPcbTXLXc3Xw</a> |
| Public note | View the statistics free of charge at www.rics.org... |
| 942 ## - ADDED ENTRY ELEMENTS (KOHA) | |
| Suppress in OPAC | 0 |
| Withdrawn status | Lost status | Source of classification or shelving scheme | Damaged status | Not for loan | Home library | Current library | Shelving location | Date acquired | Total Checkouts | Full call number | Barcode | Date last seen | Copy number | Price effective from | Koha item type |
|---|---|---|---|---|---|---|---|---|---|---|---|---|---|---|---|
| Dewey Decimal Classification | Virtual | Virtual | Online | 12/12/2006 | ONLINE PUBLICATION | 135816-2001 | 06/08/2019 | 1 | 06/08/2019 | Book |